[Event "SVK-ch Amateurs"]
[Site "Topolcany"]
[Date "2021.08.09"]
[Round "6"]
[White "Sosovickova, Jana"]
[Black "Mesaros, Jan"]
[Result "1-0"]
[WhiteElo "1827"]
[BlackElo "1700"]
[PlyCount "67"]
[EventDate "2021.08.06"]
[EventType "swiss"]
[EventRounds "7"]
[EventCountry "SVK"]
[SourceTitle "EXT 2022"]
[Source "ChessBase"]
[SourceDate "2021.10.06"]
[SourceVersion "1"]
[SourceVersionDate "2021.10.06"]
[SourceQuality "1"]

1. e4 c5 2. Nf3 d6 3. d4 cxd4 4. Nxd4 Nf6 5. Nc3 a6 6. Be3 e5 7. Nf3 Nc6 8. Be2 Be7 9. h3 h6 10. 0-0 b5 11. a3 Bb7 12. Qd3 Na5 13. Rad1 Nc4 14. Bc1 Rc8 15. Nd2 Nxd2 16. Bxd2 Rxc3 17. Bxc3 Bxe4 18. Qd2 Qc7 19. a4 Bc6 20. axb5 axb5 21. Bb4 Ne4 22. Qd3 0-0 23. Bf3 f5 24. c3 Qb7 25. Qc2 Rd8 26. Qb3+ Kh8 27. Qe6 Bf8 28. Qxf5 Nf6 29. Bxc6 Qxc6 30. Rfe1 e4 31. Rd4 Re8 32. Red1 Re5 33. Qf4 Nh5 34. Qxf8+ 1-0

[Event "SVK-ch Amateurs"]
[Site "Topolcany"]
[Date "2021.08.08"]
[Round "4"]
[White "Simkovic, Eduard"]
[Black "Mesaros, Jan"]
[Result "1-0"]
[WhiteElo "1905"]
[BlackElo "1700"]
[PlyCount "63"]
[EventDate "2021.08.06"]
[EventType "swiss"]
[EventRounds "7"]
[EventCountry "SVK"]
[SourceTitle "EXT 2022"]
[Source "ChessBase"]
[SourceDate "2021.10.06"]
[SourceVersion "1"]
[SourceVersionDate "2021.10.06"]
[SourceQuality "1"]

1. e4 c5 2. c4 Nc6 3. g3 g6 4. Bg2 Bg7 5. Ne2 e6 6. Nbc3 Nge7 7. d3 0-0 8. Be3 Nd4 9. 0-0 Rb8 10. Rb1 Nec6 11. a3 a5 12. f4 d6 13. g4 f5 14. exf5 gxf5 15. g5 e5 16. h4 Nxe2+ 17. Qxe2 exf4 18. Bxf4 Ne5 19. Rbe1 Be6 20. Nd5 b5 21. cxb5 Rxb5 22. d4 Qb8 23. dxe5 Rxb2 24. Ne7+ Kf7 25. Qh5+ Kxe7 26. exd6+ Kd7 27. Qxh7 Rf7 28. Qg6 Rxg2+ 29. Kxg2 Qb7+ 30. Kg3 Qb3+ 31. Rf3 Qc4 32. Rfe3 1-0

[Event "SVK-ch Amateur"]
[Site "Topolcany"]
[Date "2020.07.12"]
[Round "5"]
[White "Matejov, Jaroslav"]
[Black "Mesaros, Jan"]
[Result "1/2-1/2"]
[WhiteElo "2047"]
[BlackElo "1782"]
[PlyCount "133"]
[EventDate "2020.07.10"]
[EventType "swiss"]
[EventRounds "7"]
[EventCountry "SVK"]
[SourceTitle "EXT 2021"]
[Source "ChessBase"]
[SourceDate "2020.10.23"]
[SourceVersion "1"]
[SourceVersionDate "2020.10.23"]
[SourceQuality "1"]

1. e4 c5 2. Nc3 Nc6 3. g3 g6 4. Bg2 Bg7 5. Nge2 e6 6. d3 Nge7 7. 0-0 0-0 8. Be3 Nd4 9. Qd2 d6 10. h3 Rb8 11. Kh2 b5 12. Nd1 Bd7 13. c3 Nxe2 14. Qxe2 b4 15. f4 bxc3 16. bxc3 Qa5 17. Qd2 Ba4 18. d4 cxd4 19. Bxd4 e5 20. fxe5 dxe5 21. Be3 Bb5 22. Rf3 Bc4 23. Qf2 Rb7 24. Bc5 Rc7 25. Bb4 Qa6 26. Ne3 Re8 27. Bf1 Bxf1 28. Rxf1 Qe6 29. Rxf7 h6 30. Bxe7 Rcxe7 31. Rxe7 Rxe7 32. Nd5 Rb7 33. Qc2 Qa6 34. Rf2 Qc4 35. Qe2 Qc5 36. Kg2 Qa3 37. h4 Rb1 38. Qc4 Kh7 39. h5 gxh5 40. Qe2 Qc1 41. Rf1 Rb2 42. Rxc1 Rxe2+ 43. Kf3 Rxa2 44. c4 Ra3+ 45. Rc3 Rxc3+ 46. Nxc3 Bf8 47. Na4 Kg6 48. Ke3 Kf6 49. c5 Ke6 50. Kd3 Kd7 51. Kc4 Kc6 52. Kb4 Be7 53. Kc4 h4 54. gxh4 Bxh4 55. Nb2 a6 56. Nd3 Bf6 57. Nb4+ Kb7 58. Kd5 a5 59. c6+ Kb6 60. Kd6 Bd8 61. Nd5+ Kb5 62. c7 Bxc7+ 63. Nxc7+ Kc4 64. Kxe5 a4 65. Nd5 a3 66. Ne3+ Kd3 67. Nd5 1/2-1/2

[Event "SVK-ch Amateur"]
[Site "Topolcany"]
[Date "2020.07.11"]
[Round "3"]
[White "Lecky, Juraj"]
[Black "Mesaros, Jan"]
[Result "1-0"]
[WhiteElo "2083"]
[BlackElo "1782"]
[PlyCount "39"]
[EventDate "2020.07.10"]
[EventType "swiss"]
[EventRounds "7"]
[EventCountry "SVK"]
[SourceTitle "EXT 2021"]
[Source "ChessBase"]
[SourceDate "2020.10.23"]
[SourceVersion "1"]
[SourceVersionDate "2020.10.23"]
[SourceQuality "1"]

1. Nf3 Nf6 2. c4 c5 3. b3 b6 4. g3 Bb7 5. Bg2 e6 6. 0-0 Be7 7. Nc3 d6 8. e3 Nbd7 9. d4 cxd4 10. Nxd4 Bxg2 11. Kxg2 Qc8 12. e4 a6 13. Bb2 Qb7 14. Qe2 h5 15. h3 Nc5 16. Rae1 Qc7 17. f4 g6 18. e5 Qb7+ 19. Kg1 Nfd7 20. b4 1-0

[Event "SVK-ch 65"]
[Site "Tatranske Matliare"]
[Date "2019.05.27"]
[Round "4"]
[White "Bakalar, Jan"]
[Black "Mesaros, Jan"]
[Result "1-0"]
[WhiteElo "1994"]
[BlackElo "1818"]
[PlyCount "80"]
[EventDate "2019.05.25"]
[EventType "swiss"]
[EventRounds "9"]
[EventCountry "SVK"]
[SourceTitle "CBM 190 Extra"]
[Source "ChessBase"]
[SourceDate "2019.07.15"]
[SourceVersion "1"]
[SourceVersionDate "2019.07.15"]
[SourceQuality "1"]

1. b3 c5 2. Bb2 Nc6 3. f4 d6 4. e3 Nf6 5. Nf3 e6 6. d4 cxd4 7. exd4 Be7 8. Be2 0-0 9. 0-0 b6 10. c4 Bb7 11. f5 d5 12. fxe6 fxe6 13. Nbd2 Ng4 14. Bd3 Nb4 15. Bb1 dxc4 16. bxc4 e5 17. Qe2 Bg5 18. a3 Nc6 19. d5 Na5 20. Qe4 Nf6 21. Qxe5 Bh6 22. Bf5 Bc8 23. Be6+ Kh8 24. Rae1 Nb7 25. Qd4 Nc5 26. Bxc8 Qxc8 27. Ne5 Qd8 28. Ndf3 Qd6 29. Nh4 Bg5 30. Nf5 Qc7 31. h4 Nb3 32. Qd1 Qc5+ 33. Kh1 Bd2 34. Re2 Nh5 35. Qxb3 Bf4 36. Nd7 Qc7 37. Nxf8 Rxf8 38. g4 Nf6 39. Qf3 Bd6 40. Nxd6 Qxd6 1-0

[Event "SVK-chT2B 1819"]
[Site "Slovakia"]
[Date "2018.11.17"]
[Round "3.8"]
[White "Mesaros, Jan"]
[Black "Klenko, Adam"]
[Result "1/2-1/2"]
[WhiteElo "1788"]
[BlackElo "1136"]
[PlyCount "39"]
[EventDate "2018.10.13"]
[EventType "team-tourn"]
[EventRounds "11"]
[EventCountry "SVK"]
[SourceTitle "CBM 187 Extra"]
[Source "ChessBase"]
[SourceDate "2018.11.04"]
[SourceVersion "1"]
[SourceVersionDate "2018.11.04"]
[SourceQuality "1"]
[WhiteTeam "Levice"]
[BlackTeam "Batorove Kosihy II"]
[WhiteTeamCountry "SVK"]
[BlackTeamCountry "SVK"]

1. c4 e5 2. Nc3 Nf6 3. g3 g6 4. Bg2 Bg7 5. Nf3 d6 6. 0-0 0-0 7. d4 exd4 8. Nxd4 Nbd7 9. b3 Ne5 10. Bb2 c6 11. Qd2 Qd7 12. Rad1 Rd8 13. e4 Kh8 14. h3 Qc7 15. f4 Ned7 16. Kh2 Re8 17. Nde2 Nc5 18. Rfe1 b6 19. b4 Nb7 20. Nd4 1/2-1/2

[Event "SVK-chT2B 1718"]
[Site "Slovakia"]
[Date "2018.03.17"]
[Round "10.6"]
[White "Mesaros, Jan"]
[Black "Lukac, Jozef1"]
[Result "1/2-1/2"]
[WhiteElo "1765"]
[BlackElo "1559"]
[PlyCount "57"]
[EventDate "2017.10.28"]
[EventType "team-tourn"]
[EventRounds "11"]
[EventCountry "SVK"]
[SourceTitle "EXT 2020"]
[Source "ChessBase"]
[SourceDate "2019.10.17"]
[SourceVersion "1"]
[SourceVersionDate "2019.10.17"]
[SourceQuality "1"]
[WhiteTeam "Levice"]
[BlackTeam "Lehota pod Vtacnikom"]
[WhiteTeamCountry "SVK"]
[BlackTeamCountry "SVK"]

1. c4 Nf6 2. Nf3 Nc6 3. g3 d6 4. Bg2 Bg4 5. h3 Bxf3 6. Bxf3 e6 7. Nc3 Qd7 8. Bg2 d5 9. cxd5 Nxd5 10. 0-0 Nxc3 11. bxc3 a6 12. d3 Be7 13. Rb1 b5 14. a4 Rb8 15. axb5 Rxb5 16. Be3 0-0 17. c4 Rxb1 18. Qxb1 Nd4 19. Qa2 Bc5 20. Rb1 Bb6 21. Bf1 a5 22. Bxd4 Qxd4 23. e3 Qd6 24. d4 c5 25. d5 exd5 26. cxd5 g6 27. Rb5 Rb8 28. Qc4 Qe5 29. Bg2 1/2-1/2

[Event "SVK-chT2B 1617"]
[Site "Slovakia"]
[Date "2016.11.06"]
[Round "4.8"]
[White "Hoppan, Igor"]
[Black "Mesaros, Jan"]
[Result "0-1"]
[WhiteElo "1599"]
[BlackElo "1726"]
[PlyCount "154"]
[EventDate "2016.10.08"]
[EventType "team-tourn"]
[EventRounds "11"]
[EventCountry "SVK"]
[SourceTitle "CBM 175 Extra"]
[Source "ChessBase"]
[SourceDate "2016.12.12"]
[SourceVersion "1"]
[SourceVersionDate "2016.12.12"]
[SourceQuality "1"]
[WhiteTeam "Prievidza II"]
[BlackTeam "Levice"]
[WhiteTeamCountry "SVK"]
[BlackTeamCountry "SVK"]

1. e4 c5 2. Nf3 d6 3. d4 cxd4 4. Nxd4 Nf6 5. Nc3 a6 6. Bc4 Nc6 7. 0-0 e6 8. Re1 Qb6 9. Nxc6 bxc6 10. Rb1 Be7 11. Be3 Qc7 12. Bb3 0-0 13. Bf4 e5 14. Bg5 Bb7 15. Re3 Rfd8 16. Rg3 d5 17. Bxf6 Bxf6 18. exd5 cxd5 19. Bxd5 Qb6 20. Qf3 Rxd5 21. Nxd5 Bxd5 22. Qxd5 Rd8 23. Qb3 Qa7 24. c4 e4 25. Re3 Re8 26. Re2 Bd4 27. Kf1 Kh8 28. Qa4 Qa8 29. Qd7 Ba7 30. Rbe1 f5 31. Qxf5 Rf8 32. Rxe4 Rxf5 33. Re8+ Rf8 34. Rxa8 Rxa8 35. b4 Bd4 36. Re4 Bc3 37. c5 Kg8 38. Ke2 Rc8 39. Kd3 Bf6 40. Kc4 Kf7 41. a4 Be7 42. Kd5 a5 43. Rf4+ Ke8 44. Ke6 axb4 45. Rxb4 Rc6+ 46. Kd5 Rxc5+ 47. Kd4 Ra5 48. Rc4 Bf6+ 49. Ke4 Re5+ 50. Kd3 Re1 51. Rc7 Ra1 52. Ra7 Kf8 53. a5 Ra2 54. Ra8+ Kf7 55. Ke3 Ra4 56. a6 Kg6 57. Kf3 h5 58. Kg3 h4+ 59. Kf3 Kf5 60. a7 Ra3+ 61. Ke2 Kg6 62. h3 Bd4 63. Rh8 Bxa7 64. Rxh4 Ra2+ 65. Kd3 Bxf2 66. Rg4+ Kh7 67. Ke4 Ra4+ 68. Kf3 Rxg4 69. Kxg4 Kg6 70. Kf3 Bc5 71. Kg4 Be7 72. g3 Bd8 73. Kf4 Bc7+ 74. Kg4 Bd6 75. Kh4 Kf5 76. Kh5 Bxg3 77. h4 g6+ 0-1

[Event "SVK-chT2B 1516"]
[Site "Slovakia"]
[Date "2015.11.07"]
[Round "3.5"]
[White "Mesaros, Jan"]
[Black "Michalek, Matej"]
[Result "0-1"]
[WhiteElo "1753"]
[BlackElo "1939"]
[PlyCount "46"]
[EventDate "2015.10.17"]
[EventType "team-tourn"]
[EventRounds "11"]
[EventCountry "SVK"]
[SourceTitle "EXT 2019"]
[Source "ChessBase"]
[SourceDate "2018.10.10"]
[SourceVersion "1"]
[SourceVersionDate "2018.10.10"]
[SourceQuality "1"]
[WhiteTeam "Levice"]
[BlackTeam "Povazska Bystrica SKS II"]
[WhiteTeamCountry "SVK"]
[BlackTeamCountry "SVK"]

1. c4 Nf6 2. Nc3 g6 3. Nf3 Bg7 4. g3 0-0 5. Bg2 c6 6. 0-0 d5 7. cxd5 cxd5 8. d4 Nc6 9. b3 Bf5 10. Bb2 Qa5 11. a3 Rac8 12. Rc1 e6 13. e3 Ne4 14. Nd2 Nd6 15. Re1 Rfd8 16. Bf1 g5 17. Be2 b5 18. a4 a6 19. axb5 axb5 20. Nf3 h6 21. Kg2 Qb4 22. Nd2 Qa5 23. f3 Nb4 0-1

[Event "SVK-chT2B 1415"]
[Site "Slovakia"]
[Date "2015.03.08"]
[Round "11.7"]
[White "Jambrich, Miroslav"]
[Black "Mesaros, Jan"]
[Result "1/2-1/2"]
[WhiteElo "1907"]
[BlackElo "1771"]
[PlyCount "21"]
[EventDate "2014.10.11"]
[EventType "team-tourn"]
[EventRounds "11"]
[EventCountry "SVK"]
[SourceTitle "EXT 2019"]
[Source "ChessBase"]
[SourceDate "2018.10.10"]
[SourceVersion "1"]
[SourceVersionDate "2018.10.10"]
[SourceQuality "1"]
[WhiteTeam "Nitra NSK II"]
[BlackTeam "Levice"]
[WhiteTeamCountry "SVK"]
[BlackTeamCountry "SVK"]

1. e4 c5 2. Nf3 d6 3. d4 cxd4 4. Nxd4 Nf6 5. Nc3 g6 6. Be3 Bg7 7. Bc4 0-0 8. 0-0 Nc6 9. f3 Bd7 10. Qd2 a6 11. Rad1 1/2-1/2

[Event "Piestany op"]
[Site "Piestany"]
[Date "2014.11.21"]
[Round "8"]
[White "Mesaros, Jan"]
[Black "Milovnik, Juraj"]
[Result "0-1"]
[WhiteElo "1756"]
[BlackElo "2016"]
[PlyCount "60"]
[EventDate "2014.11.15"]
[EventType "swiss"]
[EventRounds "8"]
[EventCountry "SVK"]
[SourceTitle "EXT 2023"]
[Source "ChessBase"]
[SourceDate "2022.10.05"]
[SourceVersion "1"]
[SourceVersionDate "2022.10.05"]
[SourceQuality "1"]

1. c4 e5 2. Nc3 Nc6 3. g3 f5 4. Bg2 Nf6 5. d3 g6 6. e3 d6 7. Nge2 Bg7 8. 0-0 0-0 9. a3 a5 10. Rb1 Be6 11. Nd5 Qd7 12. Nec3 Nd8 13. Nxf6+ Bxf6 14. Nd5 Bg7 15. b4 axb4 16. axb4 Qf7 17. b5 g5 18. b6 c6 19. Nc7 Rb8 20. Ba3 Qd7 21. Nxe6 Nxe6 22. Bb2 f4 23. exf4 gxf4 24. Qg4 Rf6 25. Be4 Qf7 26. Ra1 Nc5 27. f3 Rf8 28. d4 Nxe4 29. dxe5 Rg6 30. e6 Qe7 0-1

[Event "Piestany op"]
[Site "Piestany"]
[Date "2014.11.18"]
[Round "5"]
[White "Sankova, Stella"]
[Black "Mesaros, Jan"]
[Result "1/2-1/2"]
[WhiteElo "1625"]
[BlackElo "1756"]
[PlyCount "52"]
[EventDate "2014.11.15"]
[EventType "swiss"]
[EventRounds "8"]
[EventCountry "SVK"]
[SourceTitle "EXT 2023"]
[Source "ChessBase"]
[SourceDate "2022.10.05"]
[SourceVersion "1"]
[SourceVersionDate "2022.10.05"]
[SourceQuality "1"]

1. c4 c5 2. Nc3 Nf6 3. g3 g6 4. Bg2 Bg7 5. Nf3 0-0 6. 0-0 Nc6 7. d4 cxd4 8. Nxd4 Nxd4 9. Qxd4 d6 10. Qd1 Rb8 11. Be3 b6 12. Qc1 Bb7 13. Bh6 Bxg2 14. Kxg2 Qc8 15. Bxg7 Kxg7 16. b3 a6 17. Qe3 Qb7+ 18. Kg1 Rbc8 19. Rac1 Rc7 20. Rfd1 b5 21. cxb5 axb5 22. Nb1 Rfc8 23. Rxc7 Rxc7 24. Rc1 b4 25. Rxc7 Qxc7 26. Nd2 d5 1/2-1/2

[Event "Piestany op"]
[Site "Piestany"]
[Date "2013.11.23"]
[Round "7"]
[White "Kvassay, Peter"]
[Black "Mesaros, Jan"]
[Result "1-0"]
[WhiteElo "2028"]
[BlackElo "1822"]
[PlyCount "56"]
[EventDate "2013.11.18"]
[EventType "swiss"]
[EventRounds "7"]
[EventCountry "SVK"]
[SourceTitle "CBM 157 Extra"]
[Source "ChessBase"]
[SourceDate "2013.12.19"]
[SourceVersion "1"]
[SourceVersionDate "2013.12.19"]
[SourceQuality "1"]

1. e4 g6 2. d4 Bg7 3. Nc3 d6 4. Bg5 c6 5. Qd2 Nd7 6. f4 Qb6 7. 0-0-0 h6 8. Bh4 e6 9. Nf3 Bf8 10. Bc4 Qa5 11. d5 Nb6 12. Bb3 cxd5 13. exd5 exd5 14. Qe2+ Be7 15. Nxd5 Nxd5 16. Bxd5 Kd8 17. Rhe1 Qc7 18. h3 Bxh4 19. Nxh4 Ne7 20. Bb3 a5 21. Qe4 Nf5 22. Nf3 Bd7 23. g4 Bc6 24. Bd5 Re8 25. Qd3 Ne7 26. Bxc6 Qxc6 27. Nd4 Qb6 28. Qc3 Rc8 1-0

[Event "Piestany op"]
[Site "Piestany"]
[Date "2013.11.22"]
[Round "6"]
[White "Mesaros, Jan"]
[Black "Feranec, Milan"]
[Result "1-0"]
[WhiteElo "1822"]
[BlackElo "1724"]
[PlyCount "69"]
[EventDate "2013.11.18"]
[EventType "swiss"]
[EventRounds "7"]
[EventCountry "SVK"]
[SourceTitle "CBM 157 Extra"]
[Source "ChessBase"]
[SourceDate "2013.12.19"]
[SourceVersion "1"]
[SourceVersionDate "2013.12.19"]
[SourceQuality "1"]

1. c4 Nf6 2. Nf3 e6 3. g3 b6 4. Bg2 Bb7 5. 0-0 c5 6. Nc3 Be7 7. d4 0-0 8. d5 d6 9. e4 e5 10. Ne1 Nbd7 11. Nd3 a6 12. a4 Rb8 13. f4 Ba8 14. fxe5 dxe5 15. Nf2 Bd6 16. Qe2 Bb7 17. Nfd1 Re8 18. b3 Nf8 19. Ne3 Ng6 20. Nf5 Bf8 21. Bg5 Bc8 22. Nh6+ gxh6 23. Bxf6 Qd6 24. Qe3 Bd7 25. Rf2 Rb7 26. Raf1 Bg4 27. h3 Bc8 28. Kh2 Rc7 29. Nd1 h5 30. h4 b5 31. Nb2 Bg4 32. axb5 axb5 33. cxb5 Rb7 34. Nc4 Qd7 35. Qc3 1-0

[Event "SVK-ch Seniors"]
[Site "Tatranske Matliare"]
[Date "2012.06.04"]
[Round "4"]
[White "Bakalar, Jan"]
[Black "Mesaros, Jan"]
[Result "1/2-1/2"]
[WhiteElo "2024"]
[BlackElo "1822"]
[PlyCount "66"]
[EventDate "2012.06.02"]
[EventType "swiss"]
[EventRounds "9"]
[EventCountry "SVK"]
[SourceTitle "EXT 2014"]
[Source "ChessBase"]
[SourceDate "2013.11.20"]
[SourceVersion "1"]
[SourceVersionDate "2013.11.20"]
[SourceQuality "1"]

1. Nf3 c5 2. e4 Nc6 3. Bb5 Qc7 4. 0-0 e6 5. Re1 Nge7 6. Nc3 a6 7. Bf1 d6 8. g3 g6 9. d4 cxd4 10. Nxd4 Bg7 11. Nde2 0-0 12. Bg2 b5 13. f4 Bb7 14. Rb1 Rac8 15. a3 Na5 16. Qd3 Rfd8 17. h3 e5 18. b4 Nc4 19. Nd1 d5 20. exd5 Nxd5 21. Qb3 Qb6+ 22. Kh2 exf4 23. Nxf4 Nxf4 24. Bxf4 Nd2 25. Qe3 Qxe3 26. Bxe3 Nxb1 27. Bxb7 Rxc2+ 28. Kh1 Nxa3 29. Bxa6 Rb2 30. Nxb2 Bxb2 31. Re2 Bc3 32. Bc5 Rd1+ 33. Kg2 Rd2 1/2-1/2

[Event "SVK-ch Seniors"]
[Site "Tatranske Matliare"]
[Date "2012.06.03"]
[Round "2"]
[White "Veselsky, Jozef"]
[Black "Mesaros, Jan"]
[Result "0-1"]
[WhiteElo "2153"]
[BlackElo "1822"]
[PlyCount "120"]
[EventDate "2012.06.02"]
[EventType "swiss"]
[EventRounds "9"]
[EventCountry "SVK"]
[SourceTitle "EXT 2014"]
[Source "ChessBase"]
[SourceDate "2013.11.20"]
[SourceVersion "1"]
[SourceVersionDate "2013.11.20"]
[SourceQuality "1"]

1. d4 Nf6 2. Nf3 d6 3. c4 g6 4. Nc3 Bg7 5. e4 0-0 6. Be2 Nbd7 7. 0-0 c6 8. h3 e5 9. dxe5 dxe5 10. Be3 Qe7 11. Qc2 Nh5 12. Rfd1 Nc5 13. Bf1 f5 14. b4 Ne6 15. exf5 gxf5 16. a3 b6 17. Rac1 f4 18. Bd2 Ng5 19. Nxg5 Qxg5 20. Ne4 Qg6 21. Kh2 Bf5 22. Bd3 Rad8 23. Re1 Kh8 24. Bc3 Rg8 25. Bf1 Ng3 26. fxg3 fxg3+ 27. Kh1 Rge8 28. Qe2 Rd4 29. Nd2 Bd3 30. Qd1 Rh4 31. Nf3 Rxh3+ 32. gxh3 Bxf1 33. Rxf1 g2+ 34. Kh2 gxf1Q 35. Qxf1 Qf5 36. Ng1 Qe4 37. Qe2 Qf4+ 38. Kg2 Qxc1 39. Bb2 Qb1 40. Nf3 Qf5 41. Bc1 Bf6 42. Be3 Rg8+ 43. Kh2 e4 44. Ng1 Be5+ 45. Kh1 Rxg1+ 46. Kxg1 Qxh3 47. Qd2 Bh2+ 48. Kf2 Qf3+ 49. Ke1 Bg3+ 50. Bf2 Qxf2+ 51. Qxf2 Bxf2+ 52. Kxf2 Kg7 53. Ke3 Kf6 54. Kxe4 Ke6 55. a4 h5 56. Kd4 h4 57. c5 bxc5+ 58. Kxc5 Kd7 59. b5 cxb5 60. Kxb5 Kc7 0-1

[Event "SVK-chT2B 1112"]
[Site "Slovakia"]
[Date "2011.12.03"]
[Round "5.5"]
[White "Pereszlenyi, Gejza"]
[Black "Mesaros, Jan"]
[Result "1-0"]
[WhiteElo "2044"]
[BlackElo "1873"]
[PlyCount "60"]
[EventDate "2011.10.08"]
[EventType "team-tourn"]
[EventRounds "11"]
[EventCountry "SVK"]
[SourceTitle "EXT 2013"]
[Source "ChessBase"]
[SourceDate "2012.11.22"]
[SourceVersion "1"]
[SourceVersionDate "2012.11.22"]
[SourceQuality "1"]
[WhiteTeam "Nitra NSK"]
[BlackTeam "Levice"]
[WhiteTeamCountry "SVK"]
[BlackTeamCountry "SVK"]

1. d4 d5 2. Nf3 Nf6 3. Bf4 c5 4. e3 Qb6 5. Qc1 Bf5 6. c3 e6 7. Be2 Nc6 8. 0-0 Be7 9. Nbd2 cxd4 10. exd4 0-0 11. Re1 Rac8 12. h3 Ne4 13. Bd3 Nxd2 14. Qxd2 Bxd3 15. Qxd3 Bf6 16. Re2 Na5 17. Bg5 Bxg5 18. Nxg5 g6 19. Qg3 Kg7 20. Rae1 Qc7 21. f4 Nc6 22. h4 Ne7 23. h5 Nf5 24. Qf3 Nh4 25. Qf2 Nf5 26. g4 Nd6 27. h6+ Kh8 28. Qe3 Nc4 29. Qg3 Nb6 30. Rf1 f5 1-0

[Event "Tatry op"]
[Site "Tatranske Zruby"]
[Date "2011.09.30"]
[Round "7"]
[White "Hujo, Jozef"]
[Black "Mesaros, Jan"]
[Result "1/2-1/2"]
[WhiteElo "2057"]
[BlackElo "1873"]
[PlyCount "47"]
[EventDate "2011.09.25"]
[EventType "swiss"]
[EventRounds "9"]
[EventCountry "SVK"]
[SourceTitle "CBM 144 Extra"]
[Source "ChessBase"]
[SourceDate "2011.10.28"]
[SourceVersion "1"]
[SourceVersionDate "2011.10.28"]
[SourceQuality "1"]

1. d4 d5 2. Nf3 Nf6 3. e3 c6 4. Bd3 Bg4 5. h3 Bxf3 6. Qxf3 Nbd7 7. c4 e6 8. 0-0 Be7 9. Nc3 0-0 10. Re1 dxc4 11. Bxc4 e5 12. Ne4 exd4 13. exd4 Nb6 14. Bb3 Nbd5 15. Nc3 Qd7 16. Bg5 Rae8 17. Re2 Bb4 18. Re5 Bd6 19. Rf5 Nxc3 20. bxc3 Ne4 21. Bc2 Nxg5 22. Rxg5 Qe7 23. Qd3 g6 24. Rxg6+ 1/2-1/2

[Event "SVK-ch Seniors-A"]
[Site "Tatranske Matliare"]
[Date "2011.05.??"]
[Round "4"]
[White "Briza, Jiri"]
[Black "Mesaros, Jan"]
[Result "1/2-1/2"]
[WhiteElo "1967"]
[BlackElo "1871"]
[PlyCount "65"]
[EventDate "2011.05.27"]
[EventType "swiss"]
[EventRounds "9"]
[EventCountry "SVK"]
[SourceTitle "EXT 2023"]
[Source "ChessBase"]
[SourceDate "2022.10.05"]
[SourceVersion "1"]
[SourceVersionDate "2022.10.05"]
[SourceQuality "1"]

1. b3 c5 2. e3 d5 3. Bb2 Nc6 4. Bb5 Bd7 5. f4 e6 6. Nf3 Nf6 7. 0-0 Be7 8. Bxc6 Bxc6 9. d3 b6 10. Ne5 Bb7 11. Nd2 0-0 12. Qe2 Rc8 13. Rf2 Ba6 14. Kh1 Qc7 15. Qf3 Bb7 16. g4 c4 17. Bd4 cxd3 18. cxd3 Nd7 19. Rg1 f6 20. Nxd7 Qxd7 21. h4 e5 22. Ba1 Rc2 23. Nf1 Rxf2 24. Qxf2 exf4 25. Qxf4 Bd6 26. Qf5 Qe7 27. Bd4 Be5 28. Ng3 Qd6 29. Qf3 Bxg3 30. Rxg3 Rc8 31. g5 Rc1+ 32. Rg1 Rc2 33. Rg2 1/2-1/2

[Event "Piestany op"]
[Site "Piestany"]
[Date "2010.11.15"]
[Round "1"]
[White "Cagasik, Tomas"]
[Black "Mesaros, Jan"]
[Result "1-0"]
[WhiteElo "2273"]
[BlackElo "1877"]
[PlyCount "63"]
[EventDate "2010.11.15"]
[EventType "swiss"]
[EventRounds "9"]
[EventCountry "SVK"]
[SourceTitle "EXT 2023"]
[Source "ChessBase"]
[SourceDate "2022.10.05"]
[SourceVersion "1"]
[SourceVersionDate "2022.10.05"]
[SourceQuality "1"]

1. e4 c5 2. Nc3 Nc6 3. f4 g6 4. Nf3 Bg7 5. Bc4 e6 6. d3 Nge7 7. a3 0-0 8. 0-0 d5 9. Ba2 Nd4 10. Nxd4 cxd4 11. Ne2 dxe4 12. dxe4 Qb6 13. Kh1 Bd7 14. Ng3 Rac8 15. Bb3 Bb5 16. Rf3 Bc4 17. Bd2 Rfd8 18. Qe1 Qc7 19. f5 exf5 20. exf5 Nd5 21. Rc1 Re8 22. Qf2 Qb6 23. Re1 Re3 24. Bxc4 Rxc4 25. Bxe3 dxe3 26. Qe2 Rd4 27. c4 Rd2 28. Qf1 Nf6 29. Rexe3 Rxb2 30. h3 Qa5 31. fxg6 hxg6 32. Rxf6 1-0

[Event "Tatry op"]
[Site "Tatranske Zruby"]
[Date "2010.10.05"]
[Round "5"]
[White "Mesaros, Jan"]
[Black "Budinsky, Jozef"]
[Result "1/2-1/2"]
[WhiteElo "1887"]
[BlackElo "2029"]
[PlyCount "59"]
[EventDate "2010.10.02"]
[EventType "swiss"]
[EventRounds "9"]
[EventCountry "SVK"]
[SourceTitle "CBM 138 Extra"]
[Source "ChessBase"]
[SourceDate "2010.10.29"]
[SourceVersion "1"]
[SourceVersionDate "2010.10.29"]
[SourceQuality "1"]

1. c4 c5 2. Nf3 Nf6 3. d4 g6 4. Nc3 cxd4 5. Nxd4 Bg7 6. e4 d6 7. Be2 Nc6 8. Be3 0-0 9. 0-0 Ne5 10. f3 b6 11. Rc1 Bb7 12. Qd2 Rc8 13. Nd5 Ned7 14. Rc2 a6 15. Rfc1 e6 16. Nxf6+ Bxf6 17. Bd3 Qe7 18. Qf2 Rb8 19. b4 Rfc8 20. Nb3 Qd8 21. Bf1 Be7 22. Qd2 Qe8 23. Rd1 Rd8 24. Qf2 h5 25. c5 dxc5 26. bxc5 Nxc5 27. Rxd8 Rxd8 28. Nxc5 Bxc5 29. Bxc5 bxc5 30. Rxc5 1/2-1/2

[Event "Tatry op"]
[Site "Tatranske Zruby"]
[Date "2010.10.03"]
[Round "2"]
[White "Kebis, Milos"]
[Black "Mesaros, Jan"]
[Result "1-0"]
[WhiteElo "1994"]
[BlackElo "1887"]
[PlyCount "45"]
[EventDate "2010.10.02"]
[EventType "swiss"]
[EventRounds "9"]
[EventCountry "SVK"]
[SourceTitle "CBM 138 Extra"]
[Source "ChessBase"]
[SourceDate "2010.10.29"]
[SourceVersion "1"]
[SourceVersionDate "2010.10.29"]
[SourceQuality "1"]

1. c4 Nf6 2. Nc3 g6 3. Nf3 d5 4. d4 Bg7 5. e3 0-0 6. Qb3 dxc4 7. Bxc4 Nc6 8. Be2 e6 9. 0-0 Nd5 10. Rd1 Na5 11. Qc2 b6 12. e4 Nxc3 13. bxc3 c6 14. Bg5 f6 15. Bf4 Qe7 16. Rac1 Bb7 17. c4 Rfc8 18. c5 e5 19. dxe5 fxe5 20. Bg5 Qc7 21. Rd6 Bf8 22. Rcd1 bxc5 23. Rd7 1-0

[Event "SVK-ch Seniors-A"]
[Site "Tatranske Matliare"]
[Date "2010.06.06"]
[Round "1"]
[White "Mesaros, Jan"]
[Black "Tepper, Frantisek"]
[Result "0-1"]
[WhiteElo "1854"]
[BlackElo "2150"]
[PlyCount "28"]
[EventDate "2010.06.06"]
[EventType "swiss"]
[EventRounds "9"]
[EventCountry "SVK"]
[SourceTitle "EXT 2023"]
[Source "ChessBase"]
[SourceDate "2022.10.05"]
[SourceVersion "1"]
[SourceVersionDate "2022.10.05"]
[SourceQuality "1"]

1. d4 Nf6 2. Nf3 d6 3. Bf4 Nbd7 4. h3 g6 5. e3 Bg7 6. Be2 0-0 7. 0-0 c5 8. c3 b6 9. Nbd2 Bb7 10. a4 a6 11. Re1 Re8 12. Qb3 h6 13. Bd3 e5 14. Bxg6 Bd5 0-1